000
00308nam a22001457a 4500
003
SGT
020
_a
978-93-86827-96-8
082
_a
615
_b
REG
100
_a
REGE, NIRMALA N.
245
_a
PHARMACOLOGY
260
_a
INDIA
_b
CBS PUB.
_c
2018
300
_a
100
650
_a
PHARMACOLOGY
942
_2
ddc
_c
BK
999
_c
32435
_d
32435